00428pab a2200145 454500008004000000100002200040245011200062260000900174300001400183362000800197650001400205650001600219700002200235773002500257180718b2005 xxu||||| |||| 00| 0 eng d aAbu-Laban Yasmeen aThe construction of the geography of immigration as a policy problem: the United States and Canada compared c2005 ap.520-61. aMar aMigration aImmigration aGarber, Judith A. aUrban Affairs Review